000 00676nam a22002051c 4500
001 a987694139
008 200616s1956 gw a||| 000u rus d
041 _arus
100 1 _aBulganin, Nikolaj Aleksandrovič
245 0 0 _aDoklad o direktivach XX s'ezda KPSS po šestomu pjatiletnemu planu razvitija narodnogo chozjajstva SSSR na 1956 - 1960 gody :
_b21 fevralja 1956 goda
264 _aMoskva :
_bGosudarstvennoe izdatel'stvo političeskoj literatury,
_c1956
300 _a78 Seiten : Illustrationen
648 0 _a1956-1960
650 0 _aLandwirtschaft
650 0 _aWirtschaft
651 0 _aSowjetunion
942 _cMG
040 _cRU-10907106
003 RU-10907106
999 _c9574
_d9574